[Event "Hessenliga 1617"]
[Site "Hessen"]
[Date "2016.10.09"]
[Round "2.5"]
[White "Henrich, David"]
[Black "Emmerich, Dirk"]
[Result "1/2-1/2"]
[WhiteElo "2178"]
[BlackElo "2167"]
[PlyCount "45"]
[EventDate "2016.09.18"]
[EventType "team-tourn"]
[EventRounds "9"]
[EventCountry "GER"]
[SourceTitle "EXT 2018"]
[Source "ChessBase"]
[SourceDate "2017.10.13"]
[SourceVersion "1"]
[SourceVersionDate "2017.10.13"]
[SourceQuality "1"]
[WhiteTeam "Niederbrechen"]
[BlackTeam "Dotzheim"]
[WhiteTeamCountry "GER"]
[BlackTeamCountry "GER"]

1. c4 e5 2. g3 Nc6 3. Nc3 f5 4. Nf3 e4 5. Nh4 d6 6. d3 exd3 7. exd3 Nf6 8. Bh3 g6 9. 0-0 Bg7 10. Re1+ Kf7 11. Nf3 Re8 12. Rxe8 Qxe8 13. Qb3 Kf8 14. Bd2 h6 15. Re1 Qf7 16. Bg2 Kg8 17. Nb5 a6 18. Nc3 Kh7 19. Qc2 Be6 20. a3 Re8 21. b3 Ng4 22. h3 Nge5 23. Ne2 1/2-1/2

[Event "Hessenliga 1516"]
[Site "Germany"]
[Date "2016.02.14"]
[Round "7.6"]
[White "Kraft, Wolfgang"]
[Black "Emmerich, Dirk"]
[Result "1/2-1/2"]
[WhiteElo "2134"]
[BlackElo "2177"]
[PlyCount "21"]
[EventDate "2015.09.27"]
[EventType "team-tourn"]
[EventRounds "9"]
[EventCountry "GER"]
[SourceTitle "EXT 2018"]
[Source "ChessBase"]
[SourceDate "2017.10.13"]
[SourceVersion "1"]
[SourceVersionDate "2017.10.13"]
[SourceQuality "1"]
[WhiteTeam "Dettingen"]
[BlackTeam "Dotzheim"]
[WhiteTeamCountry "GER"]
[BlackTeamCountry "GER"]

1. e4 g6 2. d4 Bg7 3. Nf3 d6 4. Bg5 c6 5. Nbd2 Nd7 6. a4 Qc7 7. Bc4 Ngf6 8. 0-0 0-0 9. Bb3 e5 10. c3 Re8 11. Re1 1/2-1/2

[Event "Hessenliga 1415"]
[Site "Hessen"]
[Date "2015.01.25"]
[Round "5.7"]
[White "Emmerich, Dirk"]
[Black "Daechert, Peter"]
[Result "1/2-1/2"]
[WhiteElo "2200"]
[BlackElo "2016"]
[PlyCount "48"]
[EventDate "2014.09.28"]
[EventType "team-tourn"]
[EventRounds "9"]
[EventCountry "GER"]
[SourceTitle "EXT 2016"]
[Source "ChessBase"]
[SourceDate "2015.10.08"]
[SourceVersion "1"]
[SourceVersionDate "2015.10.08"]
[SourceQuality "1"]
[WhiteTeam "Dotzheim"]
[BlackTeam "Gelnhausen"]
[WhiteTeamCountry "GER"]
[BlackTeamCountry "GER"]

1. e4 c5 2. Bc4 Nc6 3. c3 Nf6 4. d3 d5 5. exd5 Nxd5 6. Nf3 e6 7. 0-0 Be7 8. Re1 0-0 9. Nbd2 a6 10. Ne4 Na5 11. Qe2 Nf6 12. Ng3 b5 13. Bb3 Nxb3 14. axb3 Bb7 15. Bd2 Qc7 16. c4 b4 17. Rad1 Rad8 18. Be3 Ng4 19. Bc1 Rd7 20. h3 Nf6 21. Ne5 Rd4 22. Nf3 Rd7 23. Ne5 Rd4 24. Nf3 Rd7 1/2-1/2

[Event "Hessenliga 1112"]
[Site "Germany"]
[Date "2012.04.29"]
[Round "8.3"]
[White "Dorst, Johannes"]
[Black "Emmerich, Dirk"]
[Result "1-0"]
[WhiteElo "2167"]
[BlackElo "2226"]
[PlyCount "103"]
[EventDate "2011.09.25"]
[EventType "team-tourn"]
[EventRounds "9"]
[EventCountry "GER"]
[SourceTitle "EXT 2013"]
[Source "ChessBase"]
[SourceDate "2012.11.22"]
[SourceVersion "1"]
[SourceVersionDate "2012.11.22"]
[SourceQuality "1"]
[WhiteTeam "Marburg"]
[BlackTeam "Dotzheim"]
[WhiteTeamCountry "GER"]
[BlackTeamCountry "GER"]

1. e4 g6 2. d4 Bg7 3. Nc3 c6 4. Bc4 b5 5. Bb3 b4 6. Nce2 Nf6 7. e5 Nd5 8. a3 bxa3 9. Rxa3 d6 10. exd6 Qxd6 11. c4 Nf6 12. Bf4 Qd8 13. Nf3 0-0 14. 0-0 Nbd7 15. Qa1 a6 16. Ba4 Bb7 17. Rb3 Qc8 18. Qa3 a5 19. Rc1 Ba6 20. Re3 e6 21. Bd6 Re8 22. Ng5 h6 23. Ne4 Nxe4 24. Rxe4 Nb6 25. Bb3 a4 26. Ba2 Qd8 27. Bc5 Nd7 28. Bd6 Nf6 29. Re3 Qd7 30. Bc5 Ng4 31. Rd3 Bb7 32. h3 Nf6 33. Re3 Qd8 34. Qb4 Qd7 35. Nc3 Reb8 36. Bd6 Rd8 37. Bc5 Rdb8 38. Bd6 Rd8 39. Be5 c5 40. Qxc5 Bf8 41. Qc7 Qxc7 42. Bxc7 Rdc8 43. Bg3 Bc6 44. Bb1 Ra7 45. Rd1 Rb7 46. Re2 Rb3 47. Ba2 Rb4 48. d5 exd5 49. cxd5 Bd7 50. Be5 Ne8 51. d6 Rcb8 52. Nd5 1-0

[Event "Hessenliga 1112"]
[Site "Germany"]
[Date "2012.01.29"]
[Round "5.4"]
[White "Kribben, Johannes"]
[Black "Emmerich, Dirk"]
[Result "1/2-1/2"]
[WhiteElo "2169"]
[BlackElo "2226"]
[PlyCount "69"]
[EventDate "2011.09.25"]
[EventType "team-tourn"]
[EventRounds "9"]
[EventCountry "GER"]
[SourceTitle "EXT 2013"]
[Source "ChessBase"]
[SourceDate "2012.11.22"]
[SourceVersion "1"]
[SourceVersionDate "2012.11.22"]
[SourceQuality "1"]
[WhiteTeam "Hofheim II"]
[BlackTeam "Dotzheim"]
[WhiteTeamCountry "GER"]
[BlackTeamCountry "GER"]

1. c4 e5 2. Nc3 d6 3. g3 g6 4. Bg2 Bg7 5. e4 Ne7 6. Nge2 Nd7 7. d3 c6 8. 0-0 0-0 9. Rb1 a5 10. a3 f5 11. b4 axb4 12. axb4 Nf6 13. b5 Nh5 14. bxc6 bxc6 15. exf5 gxf5 16. Bg5 Nf6 17. Qd2 Qc7 18. Qb2 Be6 19. Qb7 Rfc8 20. Qxc7 Rxc7 21. Rb6 Raa7 22. Rfb1 Kf7 23. h3 Kg6 24. Be3 Bh6 25. Bxh6 Kxh6 26. c5 dxc5 27. Nb5 cxb5 28. Rxe6 Kg7 29. Rxb5 Ng6 30. Rc6 Rd7 31. Rbxc5 Rxd3 32. h4 Rd1+ 33. Bf1 Raa1 34. Rc1 Raxc1 35. Rxc1 1/2-1/2

[Event "Hessenliga 0910"]
[Site "Germany"]
[Date "2010.04.18"]
[Round "9.5"]
[White "Emmerich, Dirk"]
[Black "Kraft, Wolfgang"]
[Result "1-0"]
[WhiteElo "2222"]
[BlackElo "2134"]
[PlyCount "115"]
[EventDate "2009.09.20"]
[EventType "team-tourn"]
[EventRounds "9"]
[EventCountry "GER"]
[SourceTitle "EXT 2011"]
[Source "ChessBase"]
[SourceDate "2010.11.26"]
[SourceVersion "1"]
[SourceVersionDate "2010.11.26"]
[SourceQuality "1"]
[WhiteTeam "Dotzheim"]
[BlackTeam "Dettingen"]
[WhiteTeamCountry "GER"]
[BlackTeamCountry "GER"]

1. e4 c5 2. Bc4 Nc6 3. Nf3 e6 4. Qe2 g6 5. c3 Bg7 6. 0-0 Nge7 7. Bb3 0-0 8. d3 Qc7 9. Be3 b6 10. Qd2 Re8 11. Bh6 Bh8 12. Na3 a6 13. Bf4 d6 14. d4 e5 15. dxe5 dxe5 16. Bh6 Na5 17. Bc2 Bg4 18. Qe2 Bg7 19. Bxg7 Kxg7 20. h3 Bxf3 21. Qxf3 b5 22. Rac1 Rad8 23. h4 h5 24. Rfd1 Ng8 25. Bd3 Nf6 26. Qe3 Ng4 27. Qe1 Qe7 28. g3 Nc6 29. Be2 Nf6 30. Bf3 Rxd1 31. Rxd1 Rd8 32. Nc2 Rxd1 33. Qxd1 b4 34. Qd3 bxc3 35. bxc3 Qb7 36. Ne3 Qb5 37. Qc2 a5 38. Be2 Qb6 39. Bc4 Qc7 40. f3 Qb6 41. Kg2 Ne7 42. Bb3 Qd8 43. Nc4 Qc7 44. Qd2 Ne8 45. Ba4 Kf8 46. Qh6+ Ng7 47. Qg5 Qb8 48. Qxe5 Qb1 49. Bb3 a4 50. Qb8+ Ne8 51. Nd6 axb3 52. Qxe8+ Kg7 53. Qxf7+ Kh8 54. Qf8+ Ng8 55. Nf7+ Kh7 56. Ng5+ Kh8 57. Qf7 Qc2+ 58. Kh3 1-0

[Event "Hessenliga 0809"]
[Site "Germany"]
[Date "2009.02.15"]
[Round "8.4"]
[White "Emmerich, Dirk"]
[Black "Rosenberger, Berthold"]
[Result "1-0"]
[WhiteElo "2186"]
[BlackElo "2216"]
[PlyCount "52"]
[EventDate "2008.09.14"]
[EventType "team-tourn"]
[EventRounds "9"]
[EventCountry "GER"]
[SourceTitle "EXT 2011"]
[Source "ChessBase"]
[SourceDate "2010.11.26"]
[SourceVersion "1"]
[SourceVersionDate "2010.11.26"]
[SourceQuality "1"]
[WhiteTeam "Dotzheim"]
[BlackTeam "Dettingen"]
[WhiteTeamCountry "GER"]
[BlackTeamCountry "GER"]

1. e4 c5 2. Nf3 d6 3. Bc4 Nf6 4. d3 e6 5. Bb3 Be7 6. 0-0 0-0 7. Nbd2 Nc6 8. c3 b6 9. Re1 Ba6 10. Bc2 Rc8 11. Nf1 Qc7 12. Ng3 Rfd8 13. Qe2 Ne5 14. Nd2 Ng6 15. Ndf1 e5 16. Nf5 c4 17. d4 exd4 18. cxd4 Qb7 19. Qf3 d5 20. e5 Ne4 21. N1g3 Bb4 22. Rd1 Nxg3 23. Qxg3 Rc6 24. h4 f6 25. h5 Nh8 26. a3 Bf8 1-0

[Event "Hessenliga 0809"]
[Site "Germany"]
[Date "2008.11.09"]
[Round "4.4"]
[White "Weiss, Matthias"]
[Black "Emmerich, Dirk"]
[Result "0-1"]
[WhiteElo "2049"]
[BlackElo "2186"]
[PlyCount "126"]
[EventDate "2008.09.14"]
[EventType "team-tourn"]
[EventRounds "9"]
[EventCountry "GER"]
[SourceTitle "EXT 2011"]
[Source "ChessBase"]
[SourceDate "2010.11.26"]
[SourceVersion "1"]
[SourceVersionDate "2010.11.26"]
[SourceQuality "1"]
[WhiteTeam "Schoeneck II"]
[BlackTeam "Dotzheim"]
[WhiteTeamCountry "GER"]
[BlackTeamCountry "GER"]

1. e4 g6 2. d4 Bg7 3. Nc3 c6 4. Nf3 d6 5. h3 Nf6 6. Be3 Qa5 7. Qd2 h6 8. Be2 Be6 9. 0-0 Nbd7 10. a4 g5 11. Nd5 Qd8 12. Nxf6+ Nxf6 13. Qd3 Qd7 14. c4 Nxe4 15. d5 Bf5 16. Nd4 Bg6 17. Bg4 f5 18. Qxe4 fxe4 19. Bxd7+ Kxd7 20. Ne6 Be5 21. Bd4 Bxd4 22. Nxd4 cxd5 23. cxd5 Bf7 24. Ne6 Bxe6 25. dxe6+ Kxe6 26. Rfe1 d5 27. f3 Ke5 28. fxe4 dxe4 29. Kf2 Rac8 30. Rac1 Rhd8 31. Ke2 Rc6 32. Rxc6 bxc6 33. Rc1 Rb8 34. Rxc6 Rxb2+ 35. Ke3 Rb3+ 36. Kf2 Rb2+ 37. Ke3 Rxg2 38. Rc5+ Kd6 39. Ra5 Rg3+ 40. Kxe4 Rxh3 41. Rxa7 e6 42. a5 Rh4+ 43. Ke3 Ke5 44. a6 Rh3+ 45. Kf2 Ra3 46. Ra8 Kf4 47. a7 Ra2+ 48. Kf1 Kg4 49. Rh8 Rxa7 50. Rxh6 Rf7+ 51. Kg2 e5 52. Re6 Kf4 53. Re8 e4 54. Kf2 Rf5 55. Re7 g4 56. Re8 g3+ 57. Kg2 Ke3 58. Kxg3 Rg5+ 59. Kh2 Kf2 60. Rf8+ Ke2 61. Ra8 e3 62. Ra2+ Kf1 63. Ra1+ Kf2 0-1

[Event "Hessenliga 0809"]
[Site "Germany"]
[Date "2008.10.19"]
[Round "3.4"]
[White "Emmerich, Dirk"]
[Black "Wind, Lutz"]
[Result "1-0"]
[WhiteElo "2186"]
[BlackElo "2183"]
[PlyCount "143"]
[EventDate "2008.09.14"]
[EventType "team-tourn"]
[EventRounds "9"]
[EventCountry "GER"]
[SourceTitle "EXT 2011"]
[Source "ChessBase"]
[SourceDate "2010.11.26"]
[SourceVersion "1"]
[SourceVersionDate "2010.11.26"]
[SourceQuality "1"]
[WhiteTeam "Dotzheim"]
[BlackTeam "Lorsch"]
[WhiteTeamCountry "GER"]
[BlackTeamCountry "GER"]

1. e4 c5 2. Nc3 Nc6 3. f4 g6 4. Nf3 Bg7 5. Bc4 e6 6. 0-0 Nge7 7. Qe2 0-0 8. a3 d5 9. Ba2 Nd4 10. Nxd4 cxd4 11. Nd1 dxe4 12. Qxe4 Bd7 13. Nf2 Qb6 14. Qf3 Rac8 15. c4 Bc6 16. Qh3 d3 17. Kh1 Rfd8 18. Nxd3 Qd4 19. Ne1 Nf5 20. d3 a5 21. Rb1 a4 22. Bd2 Qd6 23. Bb4 Qd7 24. Bc3 Bd4 25. Bd2 Bc5 26. b4 axb3 27. Bxb3 Bxa3 28. Bc2 Nd4 29. Bd1 Bc5 30. Bg4 Ra8 31. Bc3 Ra2 32. Qh6 Bf8 33. Qg5 Bg7 34. Bh3 Nf5 35. Bxg7 Kxg7 36. Bxf5 exf5 37. Rd1 Re8 38. d4 Be4 39. Qg3 Qc6 40. Rf2 Rea8 41. Rxa2 Rxa2 42. Rc1 Re2 43. Kg1 Qb6 44. Qc3 f6 45. Kf1 Rb2 46. Rd1 Rb3 47. Qd2 Rb2 48. Qe3 Qa6 49. Rc1 Qb6 50. Qc3 Rb3 51. Qd2 Rb2 52. Qe3 h5 53. Rc3 Rb1 54. Qd2 Kh6 55. h3 Rb2 56. Qe3 Qb4 57. d5 Rb1 58. Qd2 Rb2 59. Qd4 Qd6 60. Qe3 Qb4 61. Kg1 Rb1 62. Rc1 Rb3 63. Qd4 Qd6 64. Qf2 Qa3 65. Rd1 Rb2 66. Rd2 Rb1 67. d6 Bxg2 68. Kxg2 Qa8 69. d7 b5+ 70. Nf3 Qd8 71. c5 Rc1 72. Qd4 1-0

[Event "Oberliga Ost-B 0607"]
[Site "Germany"]
[Date "2007.02.04"]
[Round "5.6"]
[White "Wendling, Hannes"]
[Black "Emmerich, Dirk"]
[Result "0-1"]
[WhiteElo "2117"]
[BlackElo "2226"]
[PlyCount "99"]
[EventDate "2006.10.15"]
[EventType "team-tourn"]
[EventRounds "11"]
[EventCountry "GER"]
[SourceTitle "EXT 2008"]
[Source "ChessBase"]
[SourceDate "2007.11.25"]
[SourceVersion "1"]
[SourceVersionDate "2007.11.25"]
[SourceQuality "1"]
[WhiteTeam "Erfurt Empor"]
[BlackTeam "Dotzheim"]
[WhiteTeamCountry "GER"]
[BlackTeamCountry "GER"]

1. e4 g6 2. d4 Bg7 3. c3 d6 4. f4 Nd7 5. Nf3 e6 6. Bd3 Ne7 7. Be3 Nf6 8. 0-0 d5 9. Nbd2 Ng4 10. Qe2 dxe4 11. Nxe4 Nxe3 12. Qxe3 0-0 13. Ne5 b6 14. Rad1 Bb7 15. Qh3 Qc8 16. Ng4 Bxe4 17. Bxe4 Rb8 18. Qh4 Nf5 19. Bxf5 exf5 20. Nf6+ Bxf6 21. Qxf6 Qa6 22. Rf3 Qxa2 23. Rh3 Rbe8 24. Rh6 Qe6 25. Qh4 Qe3+ 26. Qf2 Qxf2+ 27. Kxf2 Re4 28. Rh3 Rxf4+ 29. Rf3 Re4 30. b4 a5 31. bxa5 bxa5 32. Ra1 Ra8 33. Rd3 a4 34. Rd2 f4 35. Rda2 Re3 36. Ra3 Rb8 37. R1a2 Rb3 38. Rxa4 Rbxc3 39. d5 g5 40. Rd4 Red3 41. Rxd3 Rxd3 42. Rc2 Rxd5 43. Rxc7 Kg7 44. Kf3 Kg6 45. Rc6+ f6 46. h4 h6 47. Kg4 h5+ 48. Kf3 Rd3+ 49. Kf2 Kf5 50. hxg5 0-1

[Event "Oberliga Ost-B 0607"]
[Site "Germany"]
[Date "2006.12.10"]
[Round "4.5"]
[White "Emmerich, Dirk"]
[Black "Oparaugo, Thomas"]
[Result "1-0"]
[WhiteElo "2226"]
[BlackElo "2065"]
[PlyCount "77"]
[EventDate "2006.10.15"]
[EventType "team-tourn"]
[EventRounds "11"]
[EventCountry "GER"]
[SourceTitle "EXT 2008"]
[Source "ChessBase"]
[SourceDate "2007.11.25"]
[SourceVersion "1"]
[SourceVersionDate "2007.11.25"]
[SourceQuality "1"]
[WhiteTeam "Dotzheim"]
[BlackTeam "Oberursel"]
[WhiteTeamCountry "GER"]
[BlackTeamCountry "GER"]

1. e4 e5 2. Bc4 Nf6 3. Qe2 Nc6 4. c3 d6 5. Bb3 Be7 6. d3 Bg4 7. Nf3 Qd7 8. Nbd2 0-0 9. h3 Be6 10. Bc2 d5 11. Nf1 d4 12. Ng3 a6 13. 0-0 h6 14. Kh2 Rfe8 15. Bd2 Rad8 16. Rad1 Bc5 17. Nh4 Bxa2 18. Nhf5 Be6 19. Qf3 Bxf5 20. Nxf5 Qe6 21. Bxh6 Bf8 22. Bg5 g6 23. Ng3 Be7 24. Kg1 Kg7 25. Qe2 Rh8 26. f4 exf4 27. Bxf4 Bd6 28. Bxd6 Rxd6 29. Rf4 dxc3 30. bxc3 Qe5 31. Qd2 Nh5 32. Nxh5+ Rxh5 33. Rdf1 Nd8 34. Bb3 Rd7 35. d4 c5 36. Rxf7+ Nxf7 37. Rxf7+ Rxf7 38. dxe5 Rxe5 39. Bxf7 1-0

[Event "Oberliga Ost-B 0506"]
[Site "Germany"]
[Date "2006.03.12"]
[Round "9.4"]
[White "Traudes, Wolfgang"]
[Black "Emmerich, Dirk"]
[Result "1/2-1/2"]
[WhiteElo "2277"]
[BlackElo "2217"]
[PlyCount "42"]
[EventDate "2005.11.13"]
[EventType "team-tourn"]
[EventRounds "11"]
[EventCountry "GER"]
[SourceTitle "EXT 2007"]
[Source "ChessBase"]
[SourceDate "2006.11.23"]
[SourceVersion "1"]
[SourceVersionDate "2006.11.23"]
[SourceQuality "1"]
[WhiteTeam "Wiesbaden"]
[BlackTeam "Wiesbaden Dotzheim"]
[WhiteTeamCountry "GER"]
[BlackTeamCountry "GER"]

1. d4 g6 2. Nf3 Bg7 3. g3 d6 4. Bg2 Nd7 5. 0-0 e5 6. e4 Ne7 7. Nc3 0-0 8. Be3 Nc6 9. Qd2 Re8 10. Rad1 exd4 11. Nxd4 Nde5 12. Nxc6 Nxc6 13. b3 Bg4 14. f3 Be6 15. Nd5 a5 16. a4 Bxd5 17. Qxd5 Qf6 18. c4 Qc3 19. Qd3 Qb4 20. Bf2 Qa3 21. Kh1 Rad8 1/2-1/2